000
00337 a2200121 4500
001
ART_17546
005
20260410161750.0
008
260409a
245
1
0
_a
What got you here wont get you there
100
1
_a
Goldsmith, Marshall
700
1
_a
Reiter, Mark
773
0
_t
Book Summary
_g
- NÂș 12 (ene. 2009)
_w
REV4099
999
_c
19598
_d
19598